• 首页
  • 本馆介绍
  • 公告通知
  • 最新文献
  • 馆藏检索
  • 电子资源
  • 读者导购
  • 参考咨询
  • 我的图书馆
  • 登录
  • 详细信息显示
  • 放入我的书架
  • 预约/预借图书
  • 作者相关作品
  • 分类相关作品
  • 丛书相关作品
  • 出版社相关作品

书目信息

  • 表格格式
  • 工作单格式
  • 卡片格式
题名:
多才风雅——上官婉儿
    
 
作者: 王德英 编著
分册:  
出版信息: 长春   吉林文史出版社  2011
页数: 136页
开本: 22cm
丛书名: 中国文化知识读本
单 册:
中图分类: K828.5=421 , K828.5
科图分类:
主题词: 女性--nu^ xing--生平事迹--中国--唐代
电子资源:
ISBN: 978-7-5463-5012-7
000 00958nam 2200265 450
001 2368149767
005 20231109094053.90
010    @a978-7-5463-5012-7@dCNY34.80
100    @a20111207d2011 em y0chiy0121 ea
101 0  @achi
102    @aCN@b220000
105    @aa z 000yb
200 1  @a多才风雅——上官婉儿@Aduo cai feng ya——shang guan wan er@f王德英编著
210    @a长春@c吉林文史出版社@d2011
215    @a136页@c图@d22cm
225 2  @a中国文化知识读本@Azhong guo wen hua zhi shi du ben@i中国古代才女佳人
330    @a本书内容包括上官仪获罪婉儿入掖庭、武后赏识初露头角、出谋划策武后登帝位、获刑险遭戮结情武三思等。
410  0 @12001 @a中国文化知识读本@i中国古代才女佳人
600  0 @a上官婉儿,@Ashang guan wan er@f664-710@x生平事迹
606 0  @a女性@Anu^ xing@x生平事迹@y中国@z唐代
690    @aK828.5=421@v5
690    @aK828.5@v4
701  0 @a王德英@Awang de ying@4编著
801  0 @aCN@b山东中教@c20230926
905    @aBZT@dK828.5@e70
    
    多才风雅——上官婉儿/王德英编著.-长春:吉林文史出版社,2011
    136页:图;22cm.-(中国文化知识读本.中国古代才女佳人)
    
    
    ISBN 978-7-5463-5012-7:CNY34.80
    本书内容包括上官仪获罪婉儿入掖庭、武后赏识初露头角、出谋划策武后登帝位、获刑险遭戮结情武三思等。
●
相关链接 在五车中查询图书 在当当中查询图书 在豆瓣中查询图书


正题名:多才风雅——上官婉儿     索取号:K828.5/70         预约/预借

序号 登录号 条形码 馆藏地/架位号 状态 备注
1 2000965143   2000965143   第四书库/四31架A面3层3列/ [索取号:K828.5/70] 在馆    
2 2000965144   2000965144   第四书库/四31架A面3层3列/ [索取号:K828.5/70] 在馆    
3 2000965145   2000965145   第四书库/四31架A面3层3列/ [索取号:K828.5/70] 在馆    
4 2000965146   2000965146   第四书库/四31架A面3层3列/ [索取号:K828.5/70] 在馆    
5 2000965147   2000965147   第四书库/四31架A面3层3列/ [索取号:K828.5/70] 在馆    
6 2000965148   2000965148   第四书库/四31架A面3层3列/ [索取号:K828.5/70] 在馆    
山东省滨州职业学院图书馆 欢迎您!
大连网信软件有限公司© 版权所有